000 00317nam a22001337a 4500
999 _c155335
_d155335
082 _a
_b
100 _aVasant Mali
100 _aPramod Patil
245 _aSamakaleen hindi natak/
_cby Vasant Mali and Pramod Patil.
260 _aKanpur:
_bAbhay Prakashan,
_c2015.
300 _a185p.
650 _a
942 _cBK